000 00583nam a2200181 4500
001 135757
003 ES-MaACL
005 20230906194941.0
007 t|
008 070214s1926 sp r ||||1| spa d
100 1 _aRuiz Albéniz, Víctor,
_d1885-1954
_9100638
245 1 3 _aLa actuación de España en Marruecos /
_cpor Víctor Ruiz Albéniz (Juan de España).
250 _a3ª ed. notablemente aum.
260 _aMadrid :
_b[s. n.],
_c1926 (
_fImp. R. Velasco)
300 _a419 p., 2 lám. ;
_c23 cm.
852 _aES-MaACL
_jB-9808
_bR.19442
999 _c135757
_d135757